000 01131cam a22002771i 4500
003 SA-RiAUC
005 20250723060103.0
008 250722s1981 su ak g b 00000 ara c
040 _aSA-JeALM
_bara
_cSA-RiAUC
_erda
050 4 _bA93 1981
082 0 4 _a338.9
_qSA-RiAUC
090 _a338.9
_bع و ض
100 1 _aعوض الكريم، مبارك إبراهيم أحمد
_eمؤلف.
245 1 2 _aالتنمية الاقتصادية بين النظرية والتطبيق /
_cإعداد مبارك إبراهيم أحمد عوض الكريم.
264 1 _aالرياض :
_bمعهد الإدارة العامة،
_c1982
300 _a93 صفحة :
_bأشكال، جداول ؛
_c24 سم.
336 _aنص
_btxt
_2rdacontent
_3كتاب
337 _aبدون وسيط
_bn
_2rdamedia
338 _aمجلد
_bnc
_2rdacarrier
650 7 _aالتنمية الاقتصادية
_2aucsh
650 7 _aالتخلف الاقتصادي
_2aucsh
650 7 _aالسياسة الاقتصادية
_2aucsh
653 _aالعلوم الاجتماعية.
942 _2ddc
_cBOOK
_n0
949 _aSA-JeALM
_d250722
_uosman123
_n1
999 _c10203
_d10203